Normal view
MARC view
Entry Topical Term
001 - CONTROL NUMBER
- control field: 264745
003 - CONTROL NUMBER IDENTIFIER
- control field: OSt
005 - DATE AND TIME OF LATEST TRANSACTION
- control field: 20260527144412.0
008 - FIXED-LENGTH DATA ELEMENTS
- fixed length control field: 260527|| aca||aabn | a|a d
040 ## - CATALOGING SOURCE
- Original cataloging agency: OSt
- Transcribing agency: OSt
150 ## - HEADING--TOPICAL TERM
- Topical term or geographic name entry element: Sanskrit Grammar
670 ## - SOURCE DATA FOUND
- Source citation: Work cat.: (OSt)99729: SHARM (Pushp Lata). शर्मा (पुष्प लता) 264743, Sarasvati sanskrat vyakaran. Vol 1. (Kaksh 6 ke liye)., 2000